Essays on the civil codes of Quebec and St. Lucia (Registro nro. 312691)

Detalles MARC
000 -ENCABEZADO
Número de control [NR] 00583 a2200169 4500
005 - FECHA Y HORA DE LA ÚLTIMA TRANSACCIÓN
control field 20190806102644.0
008 - DE LONGITUD FIJA DE DATOS DE ELEMENTOS - INFORMACIÓN GENERAL
Elementos de longitud fija [NR] 190527b1984 cn ||||| |||| 00| 0 eng d
020 ## - NUMERO INTERNACIONAL NORMALIZADO PARA LIBROS [R]
Número Internacional Normalizado del libro [NR] 0776621149
040 ## - FUENTE DE CATALOGACION [NR]
Agencia de catalogación original [NR] CO-BoUCM
Idioma de catalogación [NR] spa
Quien Cataloga Juan Jose Mateus (modificó)
Quien Clasifica Juan Jose Mateus (modificó)
041 0# - CODIGO DE IDIOMA [R]
Código de idioma para texto/pista de sonido o título separado [R] Inglés
100 10 - ASIENTO PRINCIPAL--NOMBRE PERSONAL [NR]
Nombre personal [NR] Landry, Raymond
ID Autoridad 96446
245 10 - MENCION DE TITULO [NR]
Título [NR] Essays on the civil codes of Quebec and St. Lucia
260 ## - PUBLICACION, DISTRIBUCION, ETC. (PIE DE IMPRENTA) [R]
Nombre del editor, distribuidor, etc. [R] University of Ottawa Press
Fecha de publicación, distribución, etc. [R] 1984
Lugar de publicación, distribución, etc. [R] Canada
Fecha de fabricación [R] 1984
650 #7 - ASIENTO SECUNDARIO DE MATERIA - TERMINO TEMATICO [R]
9 (RLIN) 12711
Término temático o nombre geográfico como elemento de entrada [NR] Derecho civil
942 ## - ELEMENTOS DE ENTRADA AGREGADOS (KOHA)
Tipo de ítem principal el descrito en 300a Libro
Sistema de clasificación DEWEY
Tema principal Ciencia política
Edición 1
Clasificación 340.56
Parte restante de la signatura top. L262e
Título oculto en OPAC No
Existencias
Total préstamos Signatura topográfica Código de barras Última vez visto Ejemplar Costo de reposición Price effective from Tipo de ítem Perdido Sistema de clasificación Dañado No prestable Tipo de ítem específico Suprimido Ubicación habitual Ubicación actual Localización Fecha de creación Proveedor Forma de adquisición Costo
  340.56 L262e 100160667 09/12/2024 Ej.1 26000.00 24/05/2019 Libro   DEWEY     Libro   BodegaJK Claustro Préstamo 2 días después de solicitado 24/05/2019 12 Donación 0.00